Normal view
MARC view
- Eugene M. Emme
Entry Personal Name
001 - CONTROL NUMBER
- control field: 110065
003 - CONTROL NUMBER IDENTIFIER
- control field: NUST
005 - DATE AND TIME OF LATEST TRANSACTION
- control field: 20230309124047.0
008 - FIXED-LENGTH DATA ELEMENTS
- fixed length control field: 230309|| aca||aabn | a|a d
040 ## - CATALOGING SOURCE
- Original cataloging agency: NUST
- Transcribing agency: NUST
100 ## - HEADING--PERSONAL NAME
- Personal name: Eugene M. Emme
670 ## - SOURCE DATA FOUND
- Source citation: Work cat.: (NUST)186040: Eugene M. Emme, The impact of air power /
